00369 2200157 4500245004000000020002200040250001100062100001200073650001600085005001900101260003300120041001400153084000800167300002700175336000900202 aHigh School ParadisecOrizukahText a978-602-8290-85-2 aCet. 2 aOrizuka aNovel Fiksi a20230112085918 aJakartabPuspa Populerc2012 aIndonesia a813 aiv, 216 hlm. :c19 cm. atext